Learning to die in Miami : confessions of a ... Read More
Available copies
- 1 of 1 copy available at LARL/NWRL Consortium.
- 1 of 1 copy available at Lake Agassiz Regional Library. (Show preferred library)
Current holds
0 current holds with 1 total copy.
Show All Copies
| Location | Call Number / Copy Notes | Barcode | Shelving Location | Status | Due Date |
|---|---|---|---|---|---|
| Crookston Public Library | 305.8968 EIR (Text) | 33500011171907 | Main | Available | - |
Record details
- ISBN: 9781439181904
- ISBN: 143918190X
- Physical Description: x, 307 p. ; 24 cm.
- Edition: 1st Free Press hardcover ed.
- Publisher: New York : Free Press, 2010.
Content descriptions
| General Note: | Continues: Waiting for snow in Havana / Carlos Eire. New York : Free Press, c2003 |
| Summary, etc.: | A stranger in a strange land, Eire (Waiting for ... Read More |
Search for related items by subject
| Subject: | Eire, Carlos M. N. > Childhood and youth. Cuban Americans > Biography. Refugee children > Florida > Miami > Biography. Miami (Fla.) > Biography. |
| LDR | 01795cam a2200385 a 4500 | ||
|---|---|---|---|
| 001 | 119412 | ||
| 003 | LARL_NWRL_CONSORTIUM | ||
| 005 | 20101105123626.0 | ||
| 008 | 091228s2010 nyu 000 0aeng | ||
| 010 | . | ‡a2009052286 | |
| 020 | . | ‡a9781439181904 | |
| 020 | . | ‡a143918190X | |
| 035 | . | ‡a(OCoLC)495616830 | |
| 040 | . | ‡aDLC ‡cDLC ‡dIG# ‡dYDXCP ‡dUPZ ‡dZS3 ‡dHSA | |
| 043 | . | ‡an-us--- ‡an-us-fl | |
| 050 | 0 | 0. | ‡aE184.C97 ‡bE36 2010 |
| 082 | 0 | 0. | ‡a305.8968/72910759381 ‡aB ‡222 |
| 100 | 1 | . | ‡aEire, Carlos M. N. ‡0(LARL_NWRL_CONSORTIUM)84816 |
| 245 | 1 | 0. | ‡aLearning to die in Miami : ‡bconfessions of a refugee boy / ‡cCarlos Eire. |
| 250 | . | ‡a1st Free Press hardcover ed. | |
| 260 | . | ‡aNew York : ‡bFree Press, ‡c2010. | |
| 300 | . | ‡ax, 307 p. ; ‡c24 cm. | |
| 500 | . | ‡aContinues: Waiting for snow in Havana / Carlos Eire. New York : Free Press, c2003 | |
| 520 | . | ‡aA stranger in a strange land, Eire (Waiting for Snow in Havana), one of 14,000 children airlifted out of Cuba in Operation Peter Pan in 1962, describes the classic American immigrant experience in Miami, Fla., with a mix of insightful observation, humor, and heartfelt emotion. | |
| 600 | 1 | 0. | ‡aEire, Carlos M. N. ‡xChildhood and youth. |
| 650 | 0. | ‡aCuban Americans ‡vBiography. ‡0(LARL_NWRL_CONSORTIUM)171762 | |
| 650 | 0. | ‡aRefugee children ‡zFlorida ‡zMiami ‡vBiography. | |
| 651 | 0. | ‡aMiami (Fla.) ‡vBiography. | |
| 948 | . | ‡hHELD BY LAL - 175 OTHER HOLDINGS | |
| 994 | . | ‡aZ0 ‡bLAL | |
| 901 | . | ‡a119412 ‡bOCLC ‡c119412 ‡tbiblio | |

Add to basket
Permalink
Disable Highlighting